|
|
|
|
| LEADER |
00948nam a2200241 a 4500 |
| 001 |
2667918 |
| 008 |
091230s1974 nyua b 001 0 eng d |
| 010 |
|
|
|a 73002077
|
| 020 |
|
|
|a 0121461505
|
| 040 |
|
|
|a DLC
|c DLC
|d DLC
|d BD-DhAAL
|
| 082 |
0 |
0 |
|a 519.5
|2 19
|
| 100 |
1 |
|
|a Burr, Irving Wingate,
|d 1908-
|
| 245 |
1 |
0 |
|a Applied statistical methods,
|c by Irving W. Burr.
|
| 260 |
|
|
|a New York,
|b Academic Press
|c 1974
|
| 300 |
|
|
|a xix, 479 p.
|b illus.
|c 24 cm.
|
| 490 |
0 |
|
|a Operations research and industrial engineering
|
| 504 |
|
|
|a Includes bibliographical references and indexe.
|
| 541 |
1 |
|
|e 00000152
|
| 650 |
|
0 |
|a Mathematical statistics.
|
| 650 |
|
0 |
|a Probabilities.
|
| 852 |
4 |
|
|a Ayesha Abed Library
|j General shelf
|
| 999 |
|
|
|c 6518
|d 6518
|
| 952 |
|
|
|0 0
|1 0
|2 ddc
|4 0
|6 519_500000000000000_BUR_1974
|7 0
|9 6617
|a BRACUL
|b BRACUL
|c GEN
|d 2009-12-30
|g 0.00
|l 1
|m 2
|o 519.5 BUR
|p 3010000152
|r 2025-07-24
|s 2025-07-08
|t 1
|w 2009-12-30
|y BK
|x No price found in the accession register.
|